000 00412nam a22001697a 4500
005 20240321115219.0
008 160531b xxu||||| |||| 00| 0 eng d
020 _a81-7224-762-1
041 _aeng
082 _b6428
100 _aMathur, Satish B
_91610
245 _aThe A to Z Management Mantras
260 _bJAICO PUBLISHING HOUSE
_c2002
_aMUMBAI
300 _a236;P
650 _aManagement
942 _cBK
999 _c2270
_d2269